[Event "46th URS-ch"]
[Site "Tbilisi URS"]
[Date "1978.12.??"]
[Round "2"]
[White "Romanishin, Oleg"]
[Black "Tseshkovsky, Vitaly"]
[Result "1/2-1/2"]
[WhiteElo "2610"]
[BlackElo "2550"]
[EventDate "1978.12.01"]
[PlyCount "54"]

1.d4 Nf6 2.Nf3 g6 3.g3 Bg7 4.Bg2 O-O 5.O-O d6 6.c4 Nc6 7.Nc3 a6 8.b3 Rb8 
9.Bb2 b5 10.cxb5 axb5 11.Ne1 Na5 12.Rc1 c5 13.e4 Nd7 ( 13...cxd4 14.Qxd4 
b4 15.Ne2 e5 16.Qd2 Ba6 ) 14.Nc2 e6 ( 14...b4 ) 15.Ba1 b4 16.Ne2 Ba6 17.
dxc5 Bxa1 18.Rxa1 dxc5 19.Ne3 Ne5 20.Qc2 c4 21.Rfd1 Qb6 22.bxc4 Naxc4 23.
Nxc4 Bxc4 ( 23...Nxc4 ) 24.Qb2 Rfd8 25.Qxe5 Bxe2 26.Rxd8+ Rxd8 27.Rc1 Qd4 
1/2-1/2

[Event "46th URS-ch"]
[Site "Tbilisi URS"]
[Date "1978.12.??"]
[Round "4"]
[White "Romanishin, Oleg"]
[Black "Geller, Efim"]
[Result "0-1"]
[WhiteElo "2610"]
[BlackElo "2590"]
[EventDate "1978.12.01"]
[PlyCount "118"]

1.d4 d5 2.c4 e6 3.Nf3 Nf6 4.Nc3 Be7 5.Bg5 h6 6.Bxf6 Bxf6 7.e4 dxe4 8.Nxe4 
Nc6 9.d5 Ne5 10.Be2 O-O 11.Qb3 exd5 12.cxd5 c6 13.Rd1 Nxf3+ 14.Bxf3 Qa5+ 
15.Rd2 Re8 16.Kd1 Be5 17.Re1 Bf5 18.g4 Bg6 19.Nc3 Bxc3 20.bxc3 cxd5 21.
Bxd5 Qc7 22.f3 Rxe1+ 23.Kxe1 Re8+ 24.Kf1 b6 25.c4 Qf4 26.Rf2 h5 27.Qd1 Re3
28.Kg2 Qe5 29.f4 Be4+ 30.Kf1 Bd3+ 31.Kg2 Qd4 32.Rf3 Qb2+ 33.Rf2 Qd4 34.Rf3
hxg4 35.Rxe3 Be4+ 36.Rxe4 Qxd1 37.Re7 Kh7 38.Rxf7 Qd3 39.Rxa7 Kh6 40.Ra8 
g6 41.Rh8+ Kg7 42.Rg8+ Kh7 43.Re8 b5 44.Bg8+ Kg7 45.cxb5 Qxb5 46.Re5 Qb2+ 
47.Kg3 Kxg8 48.Rg5 Kf7 49.Rxg4 Qa3+ 50.Kg2 Qxa2+ 51.Kg3 Qb3+ 52.Kg2 Qc2+ 
53.Kg3 Qd3+ 54.Kf2 Qd2+ 55.Kf3 Qd1+ 56.Kg3 Qe2 57.Rg5 Qe3+ 58.Kg4 Qf2 59.
Re5 Qg2+ 0-1

[Event "46th URS-ch"]
[Site "Tbilisi URS"]
[Date "1978.12.??"]
[Round "5"]
[White "Geller, Efim"]
[Black "Tseshkovsky, Vitaly"]
[Result "1/2-1/2"]
[WhiteElo "2590"]
[BlackElo "2550"]
[EventDate "1978.12.01"]
[PlyCount "81"]

1.Nf3 Nf6 2.c4 c5 3.Nc3 d5 4.cxd5 Nxd5 5.g3 Nc6 6.Bg2 Nc7 7.O-O e5 8.a3 a5
9.d3 Be7 10.Nd2 Ra6 11.a4 Be6 12.Nc4 Nd5 13.Bd2 O-O 14.Nxd5 Bxd5 15.Bc3 
Bxg2 16.Kxg2 Bd6 17.Qb3 b6 18.e4 Bc7 19.Rad1 Qc8 20.Kh1 Kh8 21.f4 exf4 22.
gxf4 f6 23.Rf3 Nb4 24.Ne3 Ra7 25.Qc4 Qe8 26.b3 Bb8 27.Rg1 Rd7 28.Nf5 Qf7 
29.Qxf7 Rdxf7 30.Bxb4 axb4 31.Ne3 Rd7 32.Nc4 Bc7 33.Re1 Kg8 34.Kg2 g5 35.
fxg5 fxg5 36.Rxf8+ Kxf8 37.Rd1 Kf7 38.Ne3 Ke6 39.Nd5 Ke5 40.Kf3 Kd4 41.h3 
1/2-1/2

[Event "46th URS-ch"]
[Site "Tbilisi URS"]
[Date "1978.12.??"]
[Round "5"]
[White "Timoschenko, Gennady"]
[Black "Beliavsky, Alexander"]
[Result "0-1"]
[WhiteElo "2530"]
[BlackElo "2530"]
[EventDate "1978.12.01"]
[PlyCount "132"]

1.e4 e5 2.Nf3 Nc6 3.Bb5 a6 4.Ba4 Nf6 5.O-O Be7 6.Re1 b5 7.Bb3 d6 8.c3 O-O 
9.h3 Bb7 10.d4 Re8 11.Nbd2 Bf8 12.Bc2 g6 13.d5 Nb8 14.b3 c6 15.c4 Nbd7 16.
a4 bxc4 17.bxc4 a5 18.Nb3 Ba6 19.Bd3 Rb8 20.dxc6 Nc5 21.Nxc5 dxc5 22.Rb1 (
22.Qc2 Rb6 23.Bd2 Rxc6 24.Bc3 Nd7 25.Bf1 ) 22...Rxb1 23.Bxb1 Qb6 24.Bg5 
Qxc6 25.Qd2 h6 26.Bxh6 Bxh6 27.Qxh6 Bxc4 28.Nh4 Qd6 29.Rc1 Bb3 30.Rc3 c4 
31.Nf5 Qf8 32.Qg5 Nh7 33.Qg3 Qb4 34.Rf3 Qd2 35.Kh2 Qg5 36.Nd6 Qxg3+ 37.
Kxg3 Re6 38.Nxf7 Bd1 39.Rc3 Kxf7 40.Rxc4 Kf6 41.Rc7 Rb6 42.Rxh7 Rxb1 43.
Ra7 Rb4 44.Ra6+ Kg7 45.Ra7+ Kh6 46.Rxa5 Rxe4 47.f3 Re2 48.Ra7 e4 49.fxe4 
Rxe4 50.Rd7 Bxa4 51.Rd2 Rc4 52.Ra2 Bc2 53.Ra3 Be4 54.Kh2 Kg5 55.Rg3+ Kf5 
56.Rg4 Rc3 57.Kg1 Ke5 58.Kh2 Bf5 59.Rh4 Rc2 60.Kg1 Rb2 61.Kf1 g5 62.Ra4 
Bd3+ 63.Kg1 Be4 64.Ra5+ Kf4 65.g3+ Ke3 66.Ra3+ Ke2 0-1

[Event "46th URS-ch"]
[Site "Tbilisi URS"]
[Date "1978.12.??"]
[Round "7"]
[White "Polugaevsky, Lev"]
[Black "Romanishin, Oleg"]
[Result "1-0"]
[WhiteElo "2620"]
[BlackElo "2610"]
[EventDate "1978.12.01"]
[PlyCount "81"]

1.d4 d5 2.Nf3 Nf6 3.c4 dxc4 4.Nc3 c6 5.a4 Bf5 6.e3 e6 7.Bxc4 Bb4 8.O-O O-O
9.Qe2 ( 9.Nh4 ) 9...Ne4 ( 9...Bg6 ) ( 9...Nbd7 ) 10.Bd3 ( 10.Na2 ) 10...
Bxc3 ( 10...Nxc3 11.bxc3 Bxd3 ( 11...Bxc3 12.Bxf5 exf5 ( 12...Bxa1 13.Bc2 
g6 14.Qd3 ) 13.Rb1 Qc8 14.Ba3 Rd8 15.Ng5 ) 12.Qxd3 Be7 13.a5 ) 11.bxc3 
Nxc3 12.Qc2 Bxd3 13.Qxd3 Nd5 14.Rb1 ( 14.Ba3 Re8 15.Rab1 ) 14...b6 ( 14...
a5 15.Ba3 Nb4 16.Bxb4 axb4 17.Rxb4 Nd7 ) 15.Ba3 Re8 16.Rfc1 f6 ( 16...Nf6 
17.Ne5 Qd5 ) 17.e4 Nf4 ( 17...Ne7 ) 18.Qe3 Ng6 19.h4 h5 ( 19...Nh8 20.Qb3 
Nf7 21.Rd1 ( 21.Rb2 ) ) 20.e5 f5 ( 20...Qd5 21.exf6 gxf6 22.Qh6 ) ( 20...
fxe5 21.dxe5 ( 21.Qe4 Qf6 22.dxe5 Qf5 ) 21...Nxh4 22.Nxh4 Qxh4 23.Rb4 Qd8 
24.Rd4 ) 21.Bd6 ( 21.g3 Qd5 ) 21...Nh8 ( 21...Nxh4 22.Ng5 Ng6 ( 22...f4 
23.Qxf4 Nf5 24.Nxe6 ) 23.f4 Nf8 ( 23...Nh8 24.Bxb8 Rxb8 25.Rxc6 ) 24.Bxb8 
( 24.g4 hxg4 ( 24...fxg4 25.f5 ) 25.Kg2 Nh7 26.Rh1 Nxg5 27.fxg5 Kf7 28.Rh7
Kg6 29.Rbh1 Rg8 ) 24...Rxb8 25.Rxc6 ) 22.Ng5 Nf7 23.Nxf7 Kxf7 24.Qf4 Kg8 
25.Rb3 Qd7 26.Rg3 Na6 27.Qh6 c5 28.Rcc3 Rad8 ( 28...cxd4 29.Rxg7+ Qxg7 30.
Rg3 Qxg3 31.fxg3 d3 32.Qg6+ Kh8 33.Qxh5+ Kg7 34.Qg5+ Kf7 35.Qf6+ Kg8 36.h5
Rad8 37.h6 Rd7 38.Qg6+ ) 29.Rxg7+ Qxg7 30.Rg3 Rd7 31.Rxg7+ Rxg7 32.Qxh5 
Rd8 33.Qh6 Re8 34.d5 exd5 ( 34...Nc7 35.Bxc7 Rxc7 36.Qg6+ Kf8 37.d6 Rg7 
38.Qf6+ Kg8 39.h5 ) 35.e6 Nc7 36.e7 ( 36.Be5 Nxe6 37.Bxg7 Nxg7 38.h5 Re6 
39.Qg5 Kh7 ) 36...Rexe7 37.Bxe7 Rxe7 38.Qg5+ Kf8 39.h5 c4 40.h6 c3 41.Qf6+
1-0

[Event "46th URS-ch"]
[Site "Tbilisi URS"]
[Date "1978.12.??"]
[Round "8"]
[White "Mikhalchishin, Adrian"]
[Black "Beliavsky, Alexander"]
[Result "1-0"]
[WhiteElo "2460"]
[BlackElo "2530"]
[EventDate "1978.12.01"]
[PlyCount "82"]

1.Nf3 Nf6 2.c4 e6 3.Nc3 d5 4.d4 Be7 5.Bg5 h6 6.Bh4 b6 7.e3 Bb7 8.cxd5 Nxd5
9.Bxe7 Qxe7 10.Nxd5 Bxd5 11.Qa4+ c6 12.Bd3 f5 13.Ne5 Qg5 14.O-O-O Nd7 15.
h4 Qf6 16.Nxd7 Kxd7 17.f3 b5 18.Qc2 a5 19.Kb1 Rhb8 20.e4 Bc4 21.exf5 exf5 
22.Bxf5+ Ke7 23.Bd3 Bd5 24.Be4 Rd8 25.g4 Kf7 26.g5 Qe6 27.Bxd5 Rxd5 28.
Rhe1 Qf5 29.Re4 hxg5 30.hxg5 Rad8 31.Qxc6 R5d6 32.Qc3 Qxg5 33.Qxa5 Qd5 34.
Qc7+ R8d7 35.Qc8 Rd8 36.Qc7+ R8d7 37.Qc8 Rd8 38.Rf4+ Kg8 39.Qf5 Qc4 40.Rh1
Rh6 41.Rc1 Qe2 1-0

[Event "46th URS-ch"]
[Site "Tbilisi URS"]
[Date "1978.12.??"]
[Round "9"]
[White "Polugaevsky, Lev"]
[Black "Tal, Mikhail"]
[Result "1/2-1/2"]
[WhiteElo "2620"]
[BlackElo "2625"]
[EventDate "1978.12.01"]
[PlyCount "67"]

1.d4 Nf6 2.c4 e6 3.Nf3 d5 4.Nc3 Be7 5.Bg5 O-O 6.e3 h6 7.Bh4 b6 8.Qb3 Bb7 
9.Bxf6 Bxf6 10.cxd5 exd5 11.Rd1 Re8 12.Bd3 Nc6 13.Bb1 Na5 14.Qc2 c5 15.
dxc5 bxc5 16.Qh7+ Kf8 17.O-O Bxc3 18.bxc3 Qf6 19.e4 dxe4 20.Rd7 g5 21.Nd2 
Rad8 ( 21...Bc6 22.Rc7 Rad8 23.Nxe4 ) 22.Rxd8 Rxd8 23.Nxe4 Bxe4 24.Bxe4 
Nc4 25.h3 Nd2 ( 25...Rd6 ) 26.Rc1 Re8 27.Bd3 c4 28.Qf5 Qd6 29.Bf1 Re5 30.
Qc2 Rd5 31.Qa4 Kg7 32.Qxa7 Nxf1 33.Rxf1 Rd3 34.Qa5 1/2-1/2

[Event "46th URS-ch"]
[Site "Tbilisi URS"]
[Date "1978.12.??"]
[Round "11"]
[White "Polugaevsky, Lev"]
[Black "Bagirov, Vladimir"]
[Result "1/2-1/2"]
[WhiteElo "2620"]
[BlackElo "2495"]
[EventDate "1978.12.01"]
[PlyCount "98"]

1.d4 Nf6 2.c4 g6 3.Nc3 d5 4.cxd5 Nxd5 5.e4 Nxc3 6.bxc3 Bg7 7.Bc4 c5 8.Ne2 
Nc6 9.Be3 cxd4 10.cxd4 b5 11.Bd5 Bd7 12.Rc1 Rc8 13.Bxc6 Rxc6 14.Rxc6 Bxc6 
15.d5 Bd7 16.Qd2 ( 16.O-O Qa5 17.Bd4 Bxd4 18.Qxd4 O-O ) 16...a5 17.O-O O-O
18.Rc1 b4 19.Nd4 ( 19.Bd4 e5 20.Bc5 Re8 ) 19...e6 20.Rc5 ( 20.Bh6 Bxh6 21.
Qxh6 exd5 22.exd5 Qf6 23.Nc6 Bxc6 24.dxc6 Rc8 ) ( 20.Nc6 Bxc6 21.Rxc6 exd5
22.exd5 Qd7 23.Rc5 ) 20...exd5 21.exd5 Re8 22.Nc6 Qh4 ( 22...Bxc6 23.dxc6 
Bd4 24.c7 ) 23.d6 ( 23.Rxa5 Qe4 24.h3 Bc3 25.Qd1 Bxc6 26.dxc6 Qxc6 ) ( 23.
Nxa5 Be5 24.g3 ( 24.h3 Bxh3 25.gxh3 Qxh3 26.f4 Bc3 ) 24...Qe4 ) 23...Bc3 
24.Qd3 h6 ( 24...Bf5 25.Rxf5 gxf5 26.d7 ) ( 24...a4 25.Rc4 ) 25.Ne7+ Kh7 
26.Rxa5 Qg4 27.Ra7 Rb8 28.h3 Qe6 29.Qd5 ( 29.Nd5 Bb5 ( 29...Qxd6 30.Rxd7 
Qxd7 31.Nf6+ ) 30.Nc7 Bxd3 31.Nxe6 Kg8 32.Nc5 ) 29...Qxd5 30.Nxd5 Be6 31.
Ne7 ( 31.Nxc3 bxc3 32.Rc7 Rd8 33.Bf4 Bxa2 34.Rxc3 ) 31...b3 32.axb3 Rxb3 
33.Nc6 Rb1+ 34.Kh2 Rd1 35.Bf4 g5 36.Bg3 Bf6 37.Ne5 Kg7 ( 37...Bxe5 38.Bxe5
Kg6 39.g4 h5 ) 38.Ng4 Bd4 39.Ra5 f5 40.Ne3 Bxe3 41.fxe3 Kf7 42.h4 Rd3 43.
Ra7+ Kf6 44.Rh7 Kg6 45.Rh8 Bd7 46.Rd8 Be6 47.Rb8 Rxe3 48.Re8 f4 49.Bf2 Bf7
( 49...Bf7 50.Rxe3 fxe3 51.Bxe3 ( 51.d7 exf2 ) ) 1/2-1/2